Talleres de Ortografía 7

Uloženo v:
Podrobná bibliografie
Hlavní autoři: Rossel Santander, Verónica (Autor), Careaga Medina, Roberto (Autor), Reyes, Carlos F (Autor)
Médium: Kniha
Jazyk:španělština
Vydáno: Santiago Santillana 2002
Vydání:1a. ed
Edice:Textos Santillana para Enseñanza Básica
Témata:
Tagy: Přidat tag
Žádné tagy, Buďte první, kdo vytvoří štítek k tomuto záznamu!

MARC

LEADER 00000nam a2200000 a 4500
001 UCJ9687
003 CL-VaPUC
008 070330e20020000CL |||||||||||||||||spa|d
020 |a 9561503239 
082 0 4 |a 372.632  |b ROS  |2 21 
100 0 |a Rossel Santander, Verónica  |e author  |9 519702 
700 0 |a Careaga Medina, Roberto  |e author  |9 519703 
700 0 |a Reyes, Carlos F  |e author  |9 519704 
245 1 0 |a Talleres de Ortografía 7 
250 |a 1a. ed 
300 |a 79 p 
942 |c BK 
945 |d 20070330 00:00:00  |a cmena 
260 |a Santiago  |b Santillana  |c 2002 
650 0 |a Educación básica   |9 224933 
650 0 |a Ortografía  |9 309144 
650 0 |a Educación lingüística  |9 306506 
650 0 |a Enseñanza de la escritura  |9 307377 
650 0 |a Métodos de enseñanza  |9 270413 
650 0 |a Libros de texto  |9 270019 
583 |a last modification  |c 20070330 00:00:00  |k Rodrigo Vera 
490 0 |a Textos Santillana para Enseñanza Básica 
999 |c 325106  |d 325104 
952 |0 0  |1 0  |4 0  |6 372_632000000000000_ROS_2002  |7 0  |8 A  |9 405689  |a BIBEDU  |b BIBEDU  |d 2019-11-22  |i 4328213  |o 372.632 ROS 2002  |p 4328213  |r 2019-11-22  |w 2019-11-22  |y BK  |k EBA